000 01515nam2a22002651 4500
001 rc\4792115
005 20250612215416.0
021 _aRU
_b[63-83161]
035 _a(NLR Aleph) 008866912
090 _a8496722
_c8496722
100 _a20130426d1963 |||y0rusy50 ca
101 0 _arus
102 _aRU
105 _aa z |||||
200 0 _aВып. 4
_f[Сост. инженеры Л.А. Никушкин и А.А. Галькевич]
_gМ-во мор. флота СССР. Отд. отраслевой науч. и техн.-экон. информации Союзморниипроекта
210 _d1963
_aБ. м.
215 _a106 с.
_cил.
_d20х30
461 0 _1001rc\4792112
_12001#$aСредства механизации судоремонтных работ$eКаталог-справочник$eВып. 2-$fСССР. М-во мор. флота. Техн. упр. Центр. проектно-конструкторское бюро № 2 (ЦПКБ-2)$vВып. 4
_98496707
_cМосква
_d1960
_fСССР. М-во мор. флота. Техн. упр. Центр. проектно-конструкторское бюро № 2 (ЦПКБ-2)
_nБ. и.
_oКаталог-справочник : Вып. 2-
_tСредства механизации судоремонтных работ
_vВып. 4
702 1 _aГалькевич
_bА.А.
_4220
702 1 _aНикушкин
_bЛ.А.
_4220
801 0 _aRU
_bNLR
_gpsbo
801 1 _aRU
_bELAR
_2rusmarc
852 _aNLR
_jПт 90.1/86
942 _cBOOK
980 _aNB